[Event "Bratislava exe op"]
[Site "Bratislava"]
[Date "2023.09.18"]
[Round "4"]
[White "Geaney O Brien, David"]
[Black "Elias, David"]
[Result "0-1"]
[WhiteElo "2003"]
[BlackElo "2256"]
[PlyCount "108"]
[EventDate "2023.09.15"]
[EventType "swiss"]
[EventRounds "9"]
[EventCountry "SVK"]
[SourceTitle "CBM 216 Extra"]
[Source "ChessBase"]
[SourceDate "2023.11.30"]
[SourceVersion "1"]
[SourceVersionDate "2023.11.30"]
[SourceQuality "1"]

1. e4 c5 2. c3 d5 3. exd5 Qxd5 4. d4 Nc6 5. dxc5 Qxd1+ 6. Kxd1 e5 7. b4 a5 8. b5 Nd8 9. a4 Bxc5 10. Be3 Bxe3 11. fxe3 Nf6 12. Nf3 Ne4 13. Ke1 f6 14. Nfd2 Nxd2 15. Nxd2 Be6 16. Nc4 Bxc4 17. Bxc4 Rc8 18. Bd5 Rxc3 19. Kd2 Rc7 20. Rac1 Rd7 21. e4 Ke7 22. Rc8 Nf7 23. Rxh8 Nxh8 24. Rc1 Ng6 25. g3 Kd6 26. Kc3 Ne7 27. Bb3 Rc7+ 28. Bc4 Nc8 29. Rd1+ Ke7 30. Kd3 Nb6 31. Bb3 Rd7+ 32. Kc3 Rxd1 33. Bxd1 Kd6 34. Bc2 Kc5 35. g4 Nc4 36. Bd1 g6 37. Be2 Nd6 38. Bd3 b6 39. Bc2 Nc4 40. Bd1 Ne3 41. Be2 h6 42. Kd3 Ng2 43. Kc3 Nf4 44. Bf1 h5 45. gxh5 Nxh5 46. Bd3 Nf4 47. Bc2 Ne2+ 48. Kd3 Nd4 49. Bd1 Kb4 50. h4 Ne6 51. Ke3 Nc5 52. Bg4 Kxa4 53. Bf5 gxf5 54. h5 f4+ 0-1

[Event "Split op 12th"]
[Site "Split"]
[Date "2023.08.06"]
[Round "2"]
[White "Geaney O Brien, David"]
[Black "Zelic, Mladen"]
[Result "1/2-1/2"]
[WhiteElo "1965"]
[BlackElo "2257"]
[PlyCount "42"]
[EventDate "2023.08.05"]
[EventType "swiss"]
[EventRounds "9"]
[EventCountry "CRO"]
[SourceTitle "CBM 215 Extra"]
[Source "ChessBase"]
[SourceDate "2023.09.30"]
[SourceVersion "1"]
[SourceVersionDate "2023.09.30"]
[SourceQuality "1"]

1. e4 e5 2. Nf3 Nc6 3. Nc3 Nf6 4. Nxe5 Nxe5 5. d4 Ng6 6. e5 Ng8 7. Bc4 d5 8. Bxd5 N8e7 9. Bg5 c6 10. Bb3 Qa5 11. 0-0 Be6 12. Ne4 0-0-0 13. Nd6+ Rxd6 14. exd6 Qxg5 15. Bxe6+ fxe6 16. dxe7 Bxe7 17. Qe2 Nf4 18. Qe4 Rf8 19. Kh1 Rf6 20. g3 Ng6 21. c4 h5 1/2-1/2